Statistics for Los Angeles Lakers: All-Star Selections

Click here to take the quiz!

General Stats

  • This quiz has been taken 120 times
    (27 since last reset)
  • The average score is 16 of 32

Answer Stats

Number of Selections Player % Correct
18Kobe Bryant
100%
13Kareem Abdul-Jabbar
100%
12Magic Johnson
100%
14Jerry West
100%
7Shaquille O'Neal
95%
3Pau Gasol
95%
4Wilt Chamberlain
86%
11Elgin Baylor
86%
7James Worthy
86%
2LeBron James
81%
1Anthony Davis
81%
1Dwight Howard
76%
4George Mikan
62%
1A.C. Green
57%
2Eddie Jones
57%
1Andrew Bynum
52%
4Gail Goodrich
52%
1Nick Van Exel
48%
2Jamaal Wilkes
38%
1Cedric Ceballos
24%
6Vern Mikkelsen
19%
1Norm Nixon
19%
4Slater Martin
14%
2Clyde Lovellette
14%
1Darrall Imhoff
10%
1Archie Clark
10%
1Frank Selvy
10%
2Hot Rod Hundley
10%
2Larry Foust
10%
4Jim Pollard
10%
3Rudy LaRusso
10%
3Dick Garmaker
10%

Score Distribution

Percentile by Number Answered

Percent of People with Each Score

Your Score History

You have not taken this quiz since the last reset